000 00250nam a22001217a 4500
008 170622b xxu||||| |||| 00| 0 eng d
041 _aeng
080 _a32
100 _a20
101 _ashp
245 _aDIPLOMACY
_cKISSINGER, H
942 _2udc
_cBK
999 _c18708
_d18708